000 00669nam a22002057a 4500
999 _c170055
_d170055
005 20191210150940.0
010 _aENG-127058
020 _c1100.00
_a9780199496051
035 _aEN-110590
037 _bDBAD/PUB
082 _a305
100 _aGopal Guru
245 _aExperience, caste, and the everyday social /
_cby Gopal Guru [and] Sundar Sarukkai
260 _aNew Delhi
_bOxford University Press
_c2019
270 _a22 Workspace, 2nd Floor, 1/22 Asaf Ali Road
_bNew Delhi
_e110002
300 _aix;211p.
_c22cm(Hb)
500 _aIncludes bibliographical references and index
700 _aSarukkai, Sundar
942 _2ddc
_cEN
_h305
_mGOP